ბათუმის შოთა რუსთაველის სახელმწიფო უნივერსიტეტის ბიბლიოთეკა

ასწლოვანი სკოლა აბუსერისძეთა ნაფუძარზე: (ბიბ.ჩანაწერი № 51660)

000 -ლიდერი
ფიქსირებული სიგრძის საკონტროლო ველი 01902nam a2200289Ia 4500
001 - საკონტროლო ნომერი
საკონტროლო ველი 18651
003 - საკონტროლო ნომრის იდენტიფიკატორი
საკონტროლო ველი GE_BSU
005 - ბოლო ოპერაციის თარიღი და დრო
საკონტროლო ველი 20250127153033.0
008 - ფიქსირებული სიგრძის მონაცემთა ელემენტები - ზოგადი ინფორმაცია
ფიქსირებული სიგრძის საკონტროლო ველი 181216s2016||||ge |||||||||||||| ||geo||
020 ## - წიგნის საერთაშორისო სტანდარტული ნომერი
International Standard Book Number 9789941462375
040 ## - კატალოგიზაციის წყარო
Transcribing agency GE_BSU
041 ## - ენის კოდი
Language code of text/sound track or separate title geo
080 ## - უნივერსალური ათობითი კლასიფიკაციის ინდექსი
Universal Decimal Classification number 373(479.223)(09) დ-90
100 ## - მთავარი ჩანაწერი - პიროვნების სახელი
Personal name დუმბაძე, სერგო
9 (RLIN) 1492
245 ## - ცნობა სათაურის შესახებ
Title ასწლოვანი სკოლა აბუსერისძეთა ნაფუძარზე:
Remainder of title აბუსრისძე ტბელის სახელობის თხილვანის სკოლა -100- /
Statement of responsibility, etc სერგო დუმბაძე, ნიკოლოზ დუმბაძე, შოთა ბოლქვაძე, რედ. ნოდარ ბასილაძე
264 ## - წარმოების, გამოცემის, დისტრიბუციის და სხვა ცნობები
გამოცემის, წარმოების, დისტრიბუციის... ადგილი ბათუმი:
გამოცემის, წარმოების, დისტრიბუციის... სახელწოდება შოთა რუსთაველის უნიტის გამ-ბა
გამოცემის, წარმოების, დისტრიბუციის... თარიღი 2016.
300 ## - ფიზიკური აღწერა
Extent 416 გვ .:
Other physical details ფოტო პორტ.ილ, ცხრ;
Dimensions 24 სმ.
600 ## - SUBJECT ADDED ENTRY--PERSONAL NAME
Source of heading or term წიგნი ეძღვნება ხულოს მუნიციპალიტეტის აბუსერისძე ტბელის სახელობის თხილვანის საჯარო სკოლის 100 წლისთავს
653 ## - INDEX TERM--UNCONTROLLED
Uncontrolled term ასწლოვანი სკოლა აბუსერისძეთა ნაფუძარზე
653 ## - INDEX TERM--UNCONTROLLED
Uncontrolled term პედაგოგიკა
700 ## - ADDED ENTRY--PERSONAL NAME
Personal name დუმბაძე,ნიკოლოზ
9 (RLIN) 24133
700 ## - ADDED ENTRY--PERSONAL NAME
Personal name ბოლქვაძე,შოთა
9 (RLIN) 24134
700 ## - ADDED ENTRY--PERSONAL NAME
Personal name ბასილაძე, ნოდარ
Relator term რედაქტორი
9 (RLIN) 24135
710 ## - ADDED ENTRY--CORPORATE NAME
Corporate name or jurisdiction name as entry element ბათუმის შოთა რუსთაველის სახელმწიფო უნივერსიტეტი
9 (RLIN) 24136
773 ## - HOST ITEM ENTRY
Title ნაჩუქარი
942 ## - ADDED ENTRY ELEMENTS (KOHA)
Koha item type წიგნი
Source of classification or shelving scheme
ეგზემპლარები
ჩამოწერის სტატუსი დაკარგული ეგზემპლარის სტატუსი კლასიფიკაციის წყარო ან თაროზე გაწყობის სქემა დაზიანების სტატუსი არ გაიცემა მუდმივი მდებარეობა (დაცვის ადგილი) ამჟამინდელი ადგილსამყოფელი თაროზე განთავსების ადგილი შეძენის თარიღი ღირებულება, შესყიდვის ნორმალური ფასი სრული შენახვის შიფრი შტრიხკოდი ბოლო ოპერაციის თარიღი ეგზემპლარის მიმდევრობითი ნომერი (კეტერი?) ფასის ძალაში შესვლის თარიღი ეგზემპლარის სახეობა საჯარო შენიშვნა
          ბათუმის შოთა რუსთაველის სახელმწიფო უნივერსიტეტის მთავარი ბიბლიოთეკა ბათუმის შოთა რუსთაველის სახელმწიფო უნივერსიტეტის მთავარი ბიბლიოთეკა წიგნსაცავი 2018-12-17 10.00 373(479.223)(09) დ-90 48158 2018-12-17 48158 2018-12-17 წიგნი 10.00
          ბათუმის შოთა რუსთაველის სახელმწიფო უნივერსიტეტის მთავარი ბიბლიოთეკა ბათუმის შოთა რუსთაველის სახელმწიფო უნივერსიტეტის მთავარი ბიბლიოთეკა წიგნსაცავი 2018-12-17 10.00 373(479.223)(09) დ-90 48159 2018-12-17 48159 2018-12-17 წიგნი 10.00
          ბათუმის შოთა რუსთაველის სახელმწიფო უნივერსიტეტის მთავარი ბიბლიოთეკა ბათუმის შოთა რუსთაველის სახელმწიფო უნივერსიტეტის მთავარი ბიბლიოთეკა წიგნსაცავი 2025-01-27 10.00 373(479.223)(09) დ-90 70444 2025-01-27 70444 2025-01-27 წიგნი 10.00